Most Expensive Athletes - Statistics

General Stats
  • This quiz has been taken 26 times
  • The average score is 11 of 25
Answer Stats
Rank Earnings Sport Answer % Correct
2 $121.2M Basketball LeBron James
96%
1 $130M Football Lionel Messi
96%
3 $115M Football Cristiano Ronaldo
88%
5 $95M Football Neymar
75%
8 $90.7M Tennis Roger Federer
75%
6 $92.8M Basketball Stephen Curry
75%
4 $99M Football Kylian Mbappe
71%
17 $65M F1 Lewis Hamilton
71%
7 $92.1M Basketball Kevin Durant
67%
15 $68M Golf Tiger Woods
67%
10 $83.9M American Football Tom Brady
67%
24 $49.1M American Football Patrick Mahomes
50%
25 $48M F1 Max Verstappen
46%
11 $80.9M Basketball Giannis Antetokounmpo
38%
13 $74.4M Basketball James Harden
38%
12 $79.2M Basketball Russell Westbrook
21%
16 $67M American Football Josh Allen
17%
20 $57.4M Basketball Damian Lillard
13%
22 $55M Basketball Klay Thompson
13%
23 $49.5M Baseball Mike Trout
13%
18 $62M Boxing Tyson Fury
13%
19 $59.2M Tennis Naomi Osaka
8%
21 $55.6M American Football Deshaun Watson
4%
9 $90M Boxing Canelo Alvarez
0%
14 $72.3M American Football Matthew Stafford
0%
No matching quizzes found
Score Distribution
Percent of People with Each Score
Percentile by Number Answered
Your Score History
You have not taken this quiz